Normal view
MARC view
Entry Topical Term
001 - CONTROL NUMBER
- control field: 7365
003 - CONTROL NUMBER IDENTIFIER
- control field: ARRUPE
005 - DATE AND TIME OF LATEST TRANSACTION
- control field: 20140130140702.0
008 - FIXED-LENGTH DATA ELEMENTS
- fixed length control field: 140130|| aca||aabn | a|a d
040 ## - CATALOGING SOURCE
- Original cataloging agency: ARRUPE
- Transcribing agency: ARRUPE
150 ## - HEADING--TOPICAL TERM
- Topical term or geographic name as entry element: Theology
- Form subdivision: Early works to 1800.
670 ## - SOURCE DATA FOUND
- Source citation: Work cat.: (ARRUPE)0: Ganck, Roger de, 1908- 7361, Beatrice of Nazareth :, 1990-1991.